| 000 | 00769nam a2200241Ia 4500 | ||
|---|---|---|---|
| 001 | dia_3578 | ||
| 003 | CHAP | ||
| 005 | 20251021152440.0 | ||
| 008 | 220601s9999 xx 000 0 und d | ||
| 020 | _a0.8493-0849-6 | ||
| 040 | _cCHAP | ||
| 082 | _a641.3002 B7 | ||
| 100 |
_aBrown, Martyn Ed. _9175832 |
||
| 245 | _aHaccp in the meat industry/martyn, brown | ||
| 260 | _aEstados Unidos de América: CRC | ||
| 300 | _a329 p. | ||
| 500 | _aI. 229510 | ||
| 650 |
_a1. carne-inocuidad2. carne-calidad, control de3. sistemas de calidad4. Inocuidad de la carne5. Puntos críticos de control6. Alimentos-calidadÌ _9175833 |
||
| 901 | _a641.3002 B7 | ||
| 902 | _aM | ||
| 905 | _a0000002000 -usA 0000000000eng00 | ||
| 942 |
_cLIBRO _2ddc |
||
| 999 |
_c209332 _d209332 |
||